AH International Schools' Libraries

Farm 123 / (Record no. 48536)

MARC details
000 -LEADER
fixed length control field 00370nam a2200133 4500
020 ## - INTERNATIONAL STANDARD BOOK NUMBER
International Standard Book Number 9781509898374
100 ## - MAIN ENTRY--PERSONAL NAME
Personal name Campbell, Rod,
Relator term author.
9 (RLIN) 59229
245 ## - TITLE STATEMENT
Title Farm 123 /
Statement of responsibility, etc by Rod Campbell.
260 ## - PUBLICATION, DISTRIBUTION, ETC. (IMPRINT)
Place of publication, distribution, etc London ;
Name of publisher, distributor, etc Campbell Books,
Date of publication, distribution, etc 2019.
300 ## - PHYSICAL DESCRIPTION
Extent 18 pages.
Dimensions 6.93 x 0.59 x 6.97 inches.
650 ## - SUBJECT ADDED ENTRY--TOPICAL TERM
9 (RLIN) 57609
Topical term or geographic name as entry element Numbers.
650 #4 - SUBJECT ADDED ENTRY--TOPICAL TERM
9 (RLIN) 7085
Topical term or geographic name as entry element Counting.
942 ## - ADDED ENTRY ELEMENTS (KOHA)
Source of classification or shelving scheme
Koha item type Board Book
Holdings
Withdrawn status Lost status Source of classification or shelving scheme Damaged status Not for loan Home library Current library Date acquired Total Checkouts Full call number Barcode Date last seen Date checked out Price effective from Koha item type
          Logos International School Logos International School 03/05/2025 3 BB CAM 040468 02/10/2026 02/05/2026 03/05/2025 Board Book

For any Logos Library related questions please contact Miss Art at swongnarasuk@asianhope.org.

For any Asian Hope Library related questions please contact Miss Raza at graza@asianhope.org.

Powered by Koha